Jókai emlékkönyv Jókai Mór születésének százados évfordulója alkalmából

Bibliographic Details
Main Authors: Alapi, Július, 1872-1936 (Adapter), Fülöp, Žigmund, 1878-1940 (Adapter)
Format: Book
Language:Hungarian
PhysicalDescription:163 strán faksimile, fotografie, ilustrácie, portréty 24 cm
Published: Komárom A Jókai közművelődési és múzeum egyesület 1925
Subjects:

MARC

LEADER 00000cam a2200000 a 4500
001 vtls008377038
003 SK-MaSNL
005 20260301204949.0
008 180812s1925 xo hoacfr 000 mdhun
015 |a SNBA19191938-004988 
020 |q (brožované) 
035 |a SK01SNKBIKKM20020069255 
035 |a SKM000071718 
040 |a SNK  |b slo  |c SNK  |e AACR2 
041 0 |a hun 
044 |a xo  |c SK 
072 7 |a 82-9  |x Literárna kritika, vecná literatúra a rôzne ďalšie žánre  |2 konspekt 
080 |a 82‑94  |2 2011 
080 |a 821.511.141-051  |2 2001 
080 |a (082.2)  |2 2011 
080 |a (082)  |2 2011 
245 0 0 |a Jókai emlékkönyv  |b Jókai Mór születésének százados évfordulója alkalmából  |c szerkesztették Alapy Gyula és Fülöp Zsigmond 
260 |a Komárom  |b A Jókai közművelődési és múzeum egyesület  |c 1925 
300 |a 163 strán  |b faksimile, fotografie, ilustrácie, portréty  |c 24 cm 
500 |a Ilustrácia na frontispice. Opravy na strane [164] 
600 1 7 |a Jókai, Mór,  |d 1825-1904  |2 SNKMA  |9 92996 
650 0 7 |a pamätné knihy  |2 SNKPH  |9 112635 
650 0 7 |a maďarskí spisovatelia  |2 SNKPH  |9 55632 
655 7 |a jubilejné publikácie  |2 SNKPH  |9 70339 
655 7 |a zborníky  |2 SNKPH  |9 70165 
700 1 |a Alapi, Július,  |d 1872-1936  |4 adp  |9 199982 
700 1 |a Fülöp, Žigmund,  |d 1878-1940  |4 adp  |9 180499 
752 |a Slovensko  |d Komárno 
852 |a Slovenská národná knižnica 
954 |a odborná, vedecká literatúra pôvodná (slovenská)  |2 lita 
958 |a RK 
958 |a TL 
958 |a ONDV 
958 |a HU 
958 |a ZB 
999 |c 908394  |d 910324 
952 |a SNK  |b SNK  |y PREZ  |7 0  |p 17A0727492  |o snkSC 1952  |i snk1478/36  |0 0  |1 0  |4 0  |d 2018-03-05  |l 0  |r 2025-06-11 00:00:00  |w 2026-02-24